Name the artist who wrote the album #4 - Statistics

General Stats
  • This quiz has been taken 226 times
  • The average score is 7 of 16
Answer Stats
Picture Answer % Correct
Gorillaz
81%
Marvin Gaye
72%
Tears For Fears
67%
Lauryn Hill
64%
Metallica
55%
Joni Mitchell
50%
Led Zeppelin
50%
Cyndi Lauper
47%
Jeff Buckley
46%
George Harrison
41%
Alice in Chains
35%
Arctic Monkeys
33%
Cat Stevens
19%
Fontaines D.C.
17%
The Pogues
10%
Rodriguez
7%
No matching quizzes found
Score Distribution
Percent of People with Each Score
Percentile by Number Answered
Your Score History
You have not taken this quiz